[Event "DVM U16w 2024"]
[Site "Neumünster GER"]
[Date "2024.12.27"]
[Round "1"]
[White "Rössling, Laura Marie"]
[Black "Dhanasekaran Meenambigai, Diya"]
[Result "1-0"]
[Termination "normal"]
[Board "7.2"]
[WhiteElo "1608"]
[BlackElo "1568"]
[WhiteClock "00:34:58"]
[BlackClock "00:30:33"]
[WhiteTeam "Schachzwerge Magdeburg"]
[BlackTeam "SG Solingen"]
[PlyCount "93"]
[WhiteFideId "16289471"]
[BlackFideId "34611924"]
[EventCountry "GER"]
[EventRounds "7"]
[EventType "team-swiss"]
[EventDate "2024.12.26"]

1. e4 {[%clk 01:30:56]} {[%emt 00:00:03]} c6 {[%clk 01:30:54]} {[%emt
00:00:07]} 2. d4 {[%clk 01:31:12]} {[%emt 00:00:14]} d5 {[%clk 01:31:15]}
{[%emt 00:00:09]} 3. Nd2 {[%clk 01:31:05]} {[%emt 00:00:37]} e6 {[%clk
01:31:04]} {[%emt 00:00:41]} 4. exd5 {[%clk 01:25:40]} {[%emt 00:05:55]} cxd5
{[%clk 01:30:03]} {[%emt 00:01:30]} 5. Nb3 {[%clk 01:23:23]} {[%emt 00:02:47]}
Nc6 {[%clk 01:29:52]} {[%emt 00:00:42]} 6. Bf4 {[%clk 01:21:13]} {[%emt
00:02:40]} Nf6 {[%clk 01:29:12]} {[%emt 00:01:09]} 7. Nf3 {[%clk 01:17:05]}
{[%emt 00:04:38]} a6 {[%clk 01:28:29]} {[%emt 00:01:14]} 8. h3 {[%clk
01:14:02]} {[%emt 00:03:32]} Be7 {[%clk 01:24:35]} {[%emt 00:04:24]} 9. Bd3
{[%clk 01:10:34]} {[%emt 00:03:58]} h6 {[%clk 01:22:44]} {[%emt 00:02:22]} 10.
c3 {[%clk 01:04:20]} {[%emt 00:06:44]} O-O {[%clk 01:20:25]} {[%emt 00:02:48]}
11. O-O {[%clk 01:02:41]} {[%emt 00:02:09]} Re8 {[%clk 01:18:28]} {[%emt
00:02:28]} 12. Re1 {[%clk 01:02:23]} {[%emt 00:00:48]} b6 {[%clk 01:13:22]}
{[%emt 00:05:36]} 13. Qc2 {[%clk 00:58:30]} {[%emt 00:04:20]} Bb7 {[%clk
01:09:38]} {[%emt 00:04:18]} 14. Rad1 {[%clk 00:54:48]} {[%emt 00:04:10]} Rc8
{[%clk 01:08:32]} {[%emt 00:01:36]} 15. Qe2 {[%clk 00:54:04]} {[%emt 00:01:13]}
Ra8 {[%clk 00:56:31]} {[%emt 00:12:33]} 16. Nbd2 {[%clk 00:50:09]} {[%emt
00:04:25]} b5 {[%clk 00:51:24]} {[%emt 00:05:38]} 17. Ne5 {[%clk 00:41:06]}
{[%emt 00:09:31]} Bd6 {[%clk 00:45:42]} {[%emt 00:06:13]} 18. Ndf3 {[%clk
00:37:34]} {[%emt 00:04:02]} Qc7 {[%clk 00:45:14]} {[%emt 00:00:56]} 19. Bc1
{[%clk 00:31:51]} {[%emt 00:06:11]} Rac8 {[%clk 00:38:08]} {[%emt 00:07:39]}
20. a4 {[%clk 00:26:44]} {[%emt 00:05:38]} bxa4 {[%clk 00:32:58]} {[%emt
00:05:41]} 21. Bxa6 {[%clk 00:26:42]} {[%emt 00:00:32]} Qb6 {[%clk 00:30:39]}
{[%emt 00:02:49]} 22. Bb5 {[%clk 00:25:52]} {[%emt 00:01:20]} Ra8 {[%clk
00:30:20]} {[%emt 00:00:49]} 23. Bf4 {[%clk 00:20:10]} {[%emt 00:06:10]} Red8
{[%clk 00:26:45]} {[%emt 00:04:06]} 24. Bxc6 {[%clk 00:18:13]} {[%emt
00:02:27]} Bxc6 {[%clk 00:26:49]} {[%emt 00:00:27]} 25. Nxf7 {[%clk 00:17:59]}
{[%emt 00:00:44]} Bxf4 {[%clk 00:18:58]} {[%emt 00:08:20]} 26. Nxd8 {[%clk
00:18:10]} {[%emt 00:00:19]} Rxd8 {[%clk 00:19:11]} {[%emt 00:00:17]} 27. Qxe6+
{[%clk 00:18:32]} {[%emt 00:00:08]} Kh8 {[%clk 00:19:10]} {[%emt 00:00:31]} 28.
Nh4 {[%clk 00:16:57]} {[%emt 00:02:04]} Bc7 {[%clk 00:16:03]} {[%emt 00:03:38]}
29. Ng6+ {[%clk 00:16:26]} {[%emt 00:01:01]} Kh7 {[%clk 00:16:01]} {[%emt
00:00:32]} 30. Qf5 {[%clk 00:15:47]} {[%emt 00:01:09]} Bd7 {[%clk 00:13:55]}
{[%emt 00:02:36]} 31. Nf8+ {[%clk 00:16:03]} {[%emt 00:00:15]} Kg8 {[%clk
00:13:38]} {[%emt 00:00:47]} 32. Nxd7 {[%clk 00:16:06]} {[%emt 00:00:28]} Rxd7
{[%clk 00:13:30]} {[%emt 00:00:37]} 33. Re6 {[%clk 00:14:34]} {[%emt 00:02:01]}
Qb5 {[%clk 00:09:43]} {[%emt 00:04:18]} 34. Rde1 {[%clk 00:12:35]} {[%emt
00:02:27]} Bd6 {[%clk 00:08:57]} {[%emt 00:01:18]} 35. Qg6 {[%clk 00:09:25]}
{[%emt 00:03:38]} Rd8 {[%clk 00:02:47]} {[%emt 00:06:42]} 36. Rxf6 {[%clk
00:09:14]} {[%emt 00:00:42]} Bf8 {[%clk 00:02:00]} {[%emt 00:01:17]} 37. Qf7+
{[%clk 00:08:36]} {[%emt 00:01:08]} Kh8 {[%clk 00:02:03]} {[%emt 00:00:26]} 38.
Rxh6+ {[%clk 00:08:33]} {[%emt 00:00:33]} gxh6 {[%clk 00:02:19]} {[%emt
00:00:16]} 39. Qf6+ {[%clk 00:08:58]} {[%emt 00:00:05]} Bg7 {[%clk 00:01:35]}
{[%emt 00:01:14]} 40. Qxd8+ {[%clk 00:09:10]} {[%emt 00:00:18]} Kh7 {[%clk
00:01:57]} {[%emt 00:00:08]} 41. Qc8 {[%clk 00:08:31]} {[%emt 00:01:09]} Kg6
{[%clk 00:00:46]} {[%emt 00:01:42]} 42. Qe6+ {[%clk 00:06:38]} {[%emt
00:02:23]} Kh7 {[%clk 00:00:56]} {[%emt 00:00:19]} 43. Qf5+ {[%clk 00:06:59]}
{[%emt 00:00:09]} Kg8 {[%clk 00:01:08]} {[%emt 00:00:19]} 44. Qc2 {[%clk
00:04:28]} {[%emt 00:03:01]} Qc4 {[%clk 00:00:36]} {[%emt 00:01:03]} 45. Qg6
{[%clk 00:04:13]} {[%emt 00:00:46]} Qb5 {[%clk 00:30:14]} {[%emt 00:00:52]} 46.
Re8+ {[%clk 00:34:35]} {[%emt 00:00:08]} Qxe8 {[%clk 00:30:33]} {[%emt
00:00:11]} 47. Qxe8+ {[%clk 00:34:58]} {[%emt 00:00:07]} 1-0

[Event "DVM U16w 2024"]
[Site "Neumünster GER"]
[Date "2024.12.27"]
[Round "1"]
[White "Fetahovic, Maida"]
[Black "Hoffmann, Svenja"]
[Result "0-1"]
[Termination "normal"]
[Board "7.3"]
[WhiteElo "1505"]
[BlackElo "1645"]
[WhiteClock "00:16:08"]
[BlackClock "00:15:24"]
[WhiteTeam "SG Solingen"]
[BlackTeam "Schachzwerge Magdeburg"]
[PlyCount "104"]
[WhiteFideId "34611932"]
[BlackFideId "16287312"]
[EventCountry "GER"]
[EventRounds "7"]
[EventType "team-swiss"]
[EventDate "2024.12.26"]

1. e4 {[%clk 01:30:58]} e5 {[%clk 01:30:59]} {[%emt 00:00:02]} 2. Nf3 {[%clk
01:31:21]} {[%emt 00:00:07]} Nc6 {[%clk 01:31:17]} {[%emt 00:00:12]} 3. d4
{[%clk 01:31:45]} {[%emt 00:00:06]} exd4 {[%clk 01:31:41]} {[%emt 00:00:05]} 4.
Bc4 {[%clk 01:32:10]} {[%emt 00:00:05]} Bc5 {[%clk 01:31:48]} {[%emt 00:00:24]}
5. O-O {[%clk 01:32:29]} {[%emt 00:00:11]} Nf6 {[%clk 01:30:05]} {[%emt
00:02:13]} 6. e5 {[%clk 01:32:16]} {[%emt 00:00:44]} d5 {[%clk 01:29:02]}
{[%emt 00:01:32]} 7. Bb5 {[%clk 01:32:22]} {[%emt 00:00:24]} Ne4 {[%clk
01:26:35]} {[%emt 00:02:57]} 8. Bxc6+ {[%clk 01:30:38]} {[%emt 00:02:14]} bxc6
{[%clk 01:26:31]} {[%emt 00:00:34]} 9. Nxd4 {[%clk 01:29:00]} {[%emt 00:02:08]}
Ba6 {[%clk 01:25:01]} {[%emt 00:02:01]} 10. Re1 {[%clk 01:24:57]} {[%emt
00:04:33]} Nxf2 {[%clk 01:21:00]} {[%emt 00:04:31]} 11. Qd2 {[%clk 01:13:25]}
{[%emt 00:12:00]} Ne4 {[%clk 01:20:57]} {[%emt 00:00:34]} 12. Qd1 {[%clk
01:13:43]} {[%emt 00:00:12]} O-O {[%clk 01:17:41]} {[%emt 00:03:45]} 13. Be3
{[%clk 01:12:48]} {[%emt 00:01:26]} Bxd4 {[%clk 01:15:12]} {[%emt 00:02:59]}
14. Qxd4 {[%clk 01:09:49]} {[%emt 00:03:28]} c5 {[%clk 01:15:26]} {[%emt
00:00:16]} 15. Qa4 {[%clk 01:05:41]} {[%emt 00:04:38]} Qc8 {[%clk 00:55:12]}
{[%emt 00:20:44]} 16. Nd2 {[%clk 00:59:47]} {[%emt 00:06:24]} Nxd2 {[%clk
00:50:00]} {[%emt 00:05:43]} 17. Bxd2 {[%clk 01:00:09]} {[%emt 00:00:08]} Rb8
{[%clk 00:50:04]} {[%emt 00:00:26]} 18. b3 {[%clk 00:59:35]} {[%emt 00:01:05]}
d4 {[%clk 00:48:35]} {[%emt 00:01:58]} 19. Qc6 {[%clk 00:59:13]} {[%emt
00:00:51]} Bb7 {[%clk 00:48:19]} {[%emt 00:00:46]} 20. Qb5 {[%clk 00:52:46]}
{[%emt 00:06:57]} Bxg2 {[%clk 00:41:58]} {[%emt 00:06:51]} 21. Qe2 {[%clk
00:53:04]} {[%emt 00:00:11]} Bh3 {[%clk 00:41:18]} {[%emt 00:01:10]} 22. Qf3
{[%clk 00:52:17]} {[%emt 00:01:16]} Qg4+ {[%clk 00:37:35]} {[%emt 00:04:14]}
23. Qxg4 {[%clk 00:52:32]} {[%emt 00:00:15]} Bxg4 {[%clk 00:37:58]} {[%emt
00:00:06]} 24. Rf1 {[%clk 00:51:44]} {[%emt 00:01:18]} Rfe8 {[%clk 00:37:57]}
{[%emt 00:00:31]} 25. Rae1 {[%clk 00:51:53]} {[%emt 00:00:21]} Be6 {[%clk
00:37:18]} {[%emt 00:01:10]} 26. Bf4 {[%clk 00:48:38]} {[%emt 00:03:45]} c4
{[%clk 00:37:00]} {[%emt 00:00:48]} 27. Rb1 {[%clk 00:38:48]} {[%emt 00:10:20]}
cxb3 {[%clk 00:35:56]} {[%emt 00:01:35]} 28. cxb3 {[%clk 00:38:09]} {[%emt
00:01:09]} c5 {[%clk 00:35:44]} {[%emt 00:00:41]} 29. Rfd1 {[%clk 00:36:38]}
{[%emt 00:02:01]} Rb6 {[%clk 00:33:29]} {[%emt 00:02:46]} 30. Rbc1 {[%clk
00:27:36]} {[%emt 00:09:32]} Rc8 {[%clk 00:33:14]} {[%emt 00:00:44]} 31. Rc2
{[%clk 00:24:48]} {[%emt 00:03:19]} Bd5 {[%clk 00:33:25]} {[%emt 00:00:19]} 32.
Rxd4 {[%clk 00:24:37]} {[%emt 00:00:40]} Rg6+ {[%clk 00:32:42]} {[%emt
00:01:13]} 33. Bg3 {[%clk 00:24:21]} {[%emt 00:00:46]} Be6 {[%clk 00:33:02]}
{[%emt 00:00:10]} 34. Ra4 {[%clk 00:23:11]} {[%emt 00:01:40]} h5 {[%clk
00:31:49]} {[%emt 00:01:43]} 35. Kf2 {[%clk 00:19:33]} {[%emt 00:04:08]} Rc7
{[%clk 00:31:05]} {[%emt 00:01:15]} 36. Bf4 {[%clk 00:12:42]} {[%emt 00:07:21]}
Rg4 {[%clk 00:15:26]} {[%emt 00:16:08]} 37. Be3 {[%clk 00:10:57]} {[%emt
00:02:15]} Rxa4 {[%clk 00:13:11]} {[%emt 00:02:45]} 38. bxa4 {[%clk 00:11:15]}
{[%emt 00:00:12]} c4 {[%clk 00:13:21]} {[%emt 00:00:20]} 39. Bd4 {[%clk
00:09:17]} {[%emt 00:02:28]} Kh7 {[%clk 00:09:54]} {[%emt 00:03:57]} 40. Rb2
{[%clk 00:07:57]} {[%emt 00:01:50]} Rc6 {[%clk 00:09:03]} {[%emt 00:01:22]} 41.
Bc3 {[%clk 00:06:47]} {[%emt 00:01:40]} g5 {[%clk 00:06:05]} {[%emt 00:03:28]}
42. Ke3 {[%clk 00:03:41]} {[%emt 00:03:35]} Kg6 {[%clk 00:05:27]} {[%emt
00:01:08]} 43. a3 {[%clk 00:02:50]} {[%emt 00:01:22]} Rc7 {[%clk 00:05:05]}
{[%emt 00:00:51]} 44. Rf2 {[%clk 00:28:08]} {[%emt 00:05:12]} Bf5 {[%clk
00:35:18]} {[%emt 00:00:17]} 45. Rd2 {[%clk 00:25:15]} {[%emt 00:03:23]} h4
{[%clk 00:27:39]} {[%emt 00:08:09]} 46. Rd6+ {[%clk 00:24:50]} {[%emt
00:00:56]} Be6 {[%clk 00:27:57]} {[%emt 00:00:11]} 47. Ra6 {[%clk 00:24:49]}
{[%emt 00:00:30]} Rd7 {[%clk 00:27:20]} {[%emt 00:01:09]} 48. Bd4 {[%clk
00:24:28]} {[%emt 00:00:51]} Kf5 {[%clk 00:25:54]} {[%emt 00:01:56]} 49. Ra5
{[%clk 00:20:34]} {[%emt 00:04:24]} g4 {[%clk 00:21:30]} {[%emt 00:04:53]} 50.
Ra6 {[%clk 00:17:47]} {[%emt 00:03:17]} g3 {[%clk 00:15:18]} {[%emt 00:06:41]}
51. hxg3 {[%clk 00:15:58]} {[%emt 00:02:19]} h3 {[%clk 00:15:15]} {[%emt
00:00:32]} 52. Kf3 {[%clk 00:16:08]} {[%emt 00:00:21]} Rxd4 {[%clk 00:15:24]}
{[%emt 00:00:21]} 0-1

[Event "DVM U16w 2024"]
[Site "Neumünster GER"]
[Date "2024.12.27"]
[Round "1"]
[White "Funke, Luise"]
[Black "Tok, Tuana"]
[Result "1-0"]
[Termination "normal"]
[Board "7.4"]
[WhiteElo "1491"]
[BlackElo "1520"]
[WhiteClock "00:47:11"]
[BlackClock "00:12:20"]
[WhiteTeam "Schachzwerge Magdeburg"]
[BlackTeam "SG Solingen"]
[PlyCount "101"]
[WhiteFideId "34623752"]
[BlackFideId "34631313"]
[EventCountry "GER"]
[EventRounds "7"]
[EventType "team-swiss"]
[EventDate "2024.12.26"]

1. e4 {[%clk 01:30:57]} {[%emt 00:00:02]} e5 {[%clk 01:30:41]} {[%emt
00:00:20]} 2. Nf3 {[%clk 01:31:19]} {[%emt 00:00:07]} d6 {[%clk 01:31:01]}
{[%emt 00:00:11]} 3. Nc3 {[%clk 01:30:56]} {[%emt 00:00:53]} g6 {[%clk
01:30:19]} {[%emt 00:01:12]} 4. Bc4 {[%clk 01:30:47]} {[%emt 00:00:38]} Bg7
{[%clk 01:23:44]} {[%emt 00:07:06]} 5. d3 {[%clk 01:30:42]} {[%emt 00:00:34]}
b6 {[%clk 01:22:14]} {[%emt 00:02:01]} 6. Ng5 {[%clk 01:28:56]} {[%emt
00:02:16]} Nh6 {[%clk 01:20:36]} {[%emt 00:02:07]} 7. Nf3 {[%clk 01:28:22]}
{[%emt 00:01:04]} O-O {[%clk 01:20:47]} {[%emt 00:00:21]} 8. Bg5 {[%clk
01:26:54]} {[%emt 00:01:57]} Qe8 {[%clk 01:19:03]} {[%emt 00:02:14]} 9. Nd5
{[%clk 01:21:46]} {[%emt 00:05:38]} Qd7 {[%clk 01:04:28]} {[%emt 00:15:04]} 10.
Bxh6 {[%clk 01:19:30]} {[%emt 00:02:47]} Re8 {[%clk 00:56:06]} {[%emt
00:08:52]} 11. Bxg7 {[%clk 01:17:25]} {[%emt 00:02:34]} Kxg7 {[%clk 00:55:58]}
{[%emt 00:00:38]} 12. Qd2 {[%clk 01:16:10]} {[%emt 00:01:45]} Bb7 {[%clk
00:52:35]} {[%emt 00:03:52]} 13. Qe3 {[%clk 01:11:22]} {[%emt 00:05:18]} Na6
{[%clk 00:50:50]} {[%emt 00:02:15]} 14. h3 {[%clk 01:02:19]} {[%emt 00:09:32]}
Bxd5 {[%clk 00:49:49]} {[%emt 00:01:32]} 15. Bxd5 {[%clk 01:02:25]} {[%emt
00:00:23]} c6 {[%clk 00:40:59]} {[%emt 00:09:20]} 16. Bb3 {[%clk 01:01:54]}
{[%emt 00:01:01]} d5 {[%clk 00:40:24]} {[%emt 00:01:06]} 17. O-O {[%clk
01:00:21]} {[%emt 00:02:02]} Nc5 {[%clk 00:35:37]} {[%emt 00:05:15]} 18. c3
{[%clk 00:59:44]} {[%emt 00:01:08]} Rad8 {[%clk 00:31:21]} {[%emt 00:04:45]}
19. Bc2 {[%clk 00:59:13]} {[%emt 00:01:02]} d4 {[%clk 00:30:39]} {[%emt
00:01:12]} 20. cxd4 {[%clk 00:58:04]} {[%emt 00:01:40]} exd4 {[%clk 00:30:53]}
{[%emt 00:00:16]} 21. Qd2 {[%clk 00:57:13]} {[%emt 00:01:20]} h6 {[%clk
00:22:03]} {[%emt 00:09:20]} 22. b4 {[%clk 00:53:43]} {[%emt 00:04:00]} Nb7
{[%clk 00:20:10]} {[%emt 00:02:23]} 23. Bb3 {[%clk 00:52:59]} {[%emt 00:01:14]}
a5 {[%clk 00:19:47]} {[%emt 00:00:54]} 24. a3 {[%clk 00:51:29]} {[%emt
00:02:00]} c5 {[%clk 00:18:58]} {[%emt 00:01:19]} 25. Rfc1 {[%clk 00:49:31]}
{[%emt 00:02:28]} Ra8 {[%clk 00:17:02]} {[%emt 00:02:26]} 26. Bd5 {[%clk
00:44:37]} {[%emt 00:05:24]} axb4 {[%clk 00:16:20]} {[%emt 00:01:11]} 27. axb4
{[%clk 00:44:35]} {[%emt 00:00:33]} Rxa1 {[%clk 00:16:28]} {[%emt 00:00:23]}
28. Rxa1 {[%clk 00:44:57]} {[%emt 00:00:08]} cxb4 {[%clk 00:15:48]} {[%emt
00:01:10]} 29. Qxb4 {[%clk 00:42:34]} {[%emt 00:02:52]} Qd6 {[%clk 00:15:47]}
{[%emt 00:00:30]} 30. Qxd4+ {[%clk 00:42:09]} {[%emt 00:00:57]} Re5 {[%clk
00:11:58]} {[%emt 00:04:58]} 31. Qxe5+ {[%clk 00:42:49]} {[%emt 00:00:10]} Qxe5
{[%clk 00:11:11]} {[%emt 00:01:16]} 32. Nxe5 {[%clk 00:43:12]} {[%emt
00:00:07]} f6 {[%clk 00:10:27]} {[%emt 00:01:14]} 33. Bxb7 {[%clk 00:43:20]}
{[%emt 00:00:22]} fxe5 {[%clk 00:10:51]} {[%emt 00:00:07]} 34. Ra6 {[%clk
00:43:01]} {[%emt 00:00:48]} b5 {[%clk 00:11:05]} {[%emt 00:00:16]} 35. Rb6
{[%clk 00:43:19]} {[%emt 00:00:12]} g5 {[%clk 00:11:20]} {[%emt 00:00:15]} 36.
Rxb5 {[%clk 00:43:41]} {[%emt 00:00:08]} Kf6 {[%clk 00:11:39]} {[%emt
00:00:11]} 37. Rb6+ {[%clk 00:43:22]} {[%emt 00:00:49]} Kg7 {[%clk 00:11:55]}
{[%emt 00:00:13]} 38. Re6 {[%clk 00:43:39]} {[%emt 00:00:13]} h5 {[%clk
00:11:49]} {[%emt 00:00:36]} 39. Rxe5 {[%clk 00:44:01]} {[%emt 00:00:08]} Kg6
{[%clk 00:12:11]} {[%emt 00:00:08]} 40. d4 {[%clk 00:44:27]} {[%emt 00:00:04]}
Kf6 {[%clk 00:11:27]} {[%emt 00:01:14]} 41. Bc8 {[%clk 00:44:32]} {[%emt
00:00:25]} Kg6 {[%clk 00:11:28]} {[%emt 00:00:29]} 42. d5 {[%clk 00:44:37]}
{[%emt 00:00:25]} Kf6 {[%clk 00:11:51]} {[%emt 00:00:07]} 43. Re6+ {[%clk
00:44:51]} {[%emt 00:00:16]} Kf7 {[%clk 00:11:21]} {[%emt 00:00:59]} 44. d6
{[%clk 00:45:13]} {[%emt 00:00:08]} g4 {[%clk 00:11:32]} {[%emt 00:00:19]} 45.
Re5 {[%clk 00:45:08]} {[%emt 00:00:34]} gxh3 {[%clk 00:11:34]} {[%emt
00:00:29]} 46. d7 {[%clk 00:45:29]} {[%emt 00:00:10]} hxg2 {[%clk 00:11:33]}
{[%emt 00:00:30]} 47. d8=Q {[%clk 00:45:49]} {[%emt 00:00:10]} h4 {[%clk
00:11:42]} {[%emt 00:00:21]} 48. Qd7+ {[%clk 00:46:00]} {[%emt 00:00:20]} Kf6
{[%clk 00:11:39]} {[%emt 00:00:32]} 49. Qd6+ {[%clk 00:46:23]} {[%emt
00:00:08]} Kf7 {[%clk 00:11:59]} {[%emt 00:00:10]} 50. Re7+ {[%clk 00:46:47]}
{[%emt 00:00:06]} Kf8 {[%clk 00:12:20]} {[%emt 00:00:09]} 51. Qd8# {[%clk
00:47:11]} {[%emt 00:00:06]} 1-0

[Event "DVM U16w 2024"]
[Site "Neumünster GER"]
[Date "2024.12.27"]
[Round "1"]
[White "Scheiding, Sophia"]
[Black "Wang, Enya Marie"]
[Result "1-0"]
[Termination "normal"]
[Board "8.1"]
[WhiteElo "1672"]
[BlackElo "1757"]
[WhiteClock "00:54:12"]
[BlackClock "00:26:45"]
[WhiteTeam "Meuselwitzer SV"]
[BlackTeam "SV Nürtingen 1920"]
[PlyCount "71"]
[WhiteFideId "16287010"]
[BlackFideId "34660330"]
[EventCountry "GER"]
[EventRounds "7"]
[EventType "team-swiss"]
[EventDate "2024.12.26"]

1. d4 {[%clk 01:30:57]} {[%emt 00:00:02]} Nf6 {[%clk 01:30:55]} {[%emt
00:00:06]} 2. Nf3 {[%clk 01:31:20]} {[%emt 00:00:07]} g6 {[%clk 01:31:16]}
{[%emt 00:00:08]} 3. e3 {[%clk 01:31:43]} {[%emt 00:00:06]} Bg7 {[%clk
01:31:37]} {[%emt 00:00:10]} 4. Be2 {[%clk 01:31:16]} {[%emt 00:00:58]} d6
{[%clk 01:31:51]} {[%emt 00:00:15]} 5. O-O {[%clk 01:31:31]} {[%emt 00:00:15]}
O-O {[%clk 01:32:08]} {[%emt 00:00:13]} 6. c4 {[%clk 01:30:54]} {[%emt
00:01:07]} Nbd7 {[%clk 01:29:00]} {[%emt 00:03:38]} 7. Nc3 {[%clk 01:28:54]}
{[%emt 00:02:30]} e5 {[%clk 01:28:57]} {[%emt 00:00:33]} 8. b4 {[%clk
01:26:41]} {[%emt 00:02:43]} c6 {[%clk 01:24:50]} {[%emt 00:04:37]} 9. dxe5
{[%clk 01:18:22]} {[%emt 00:08:49]} dxe5 {[%clk 01:23:53]} {[%emt 00:01:27]}
10. e4 {[%clk 01:14:46]} {[%emt 00:04:06]} Qe7 {[%clk 01:22:35]} {[%emt
00:01:45]} 11. a3 {[%clk 01:11:53]} {[%emt 00:03:26]} c5 {[%clk 01:20:37]}
{[%emt 00:02:28]} 12. b5 {[%clk 01:10:22]} {[%emt 00:02:02]} Rd8 {[%clk
01:18:10]} {[%emt 00:02:56]} 13. Qb3 {[%clk 01:06:47]} {[%emt 00:04:03]} Nf8
{[%clk 01:08:22]} {[%emt 00:10:20]} 14. Bg5 {[%clk 01:03:14]} {[%emt 00:04:03]}
Ne6 {[%clk 01:04:58]} {[%emt 00:03:54]} 15. Bxf6 {[%clk 01:02:27]} {[%emt
00:01:18]} Bxf6 {[%clk 00:56:22]} {[%emt 00:09:05]} 16. Nd5 {[%clk 01:02:45]}
{[%emt 00:00:13]} Rxd5 {[%clk 00:56:37]} {[%emt 00:00:15]} 17. cxd5 {[%clk
01:03:09]} {[%emt 00:00:05]} Nd4 {[%clk 00:56:37]} {[%emt 00:00:30]} 18. Nxd4
{[%clk 01:03:01]} {[%emt 00:00:38]} exd4 {[%clk 00:56:45]} {[%emt 00:00:23]}
19. f3 {[%clk 01:03:02]} {[%emt 00:00:28]} b6 {[%clk 00:56:05]} {[%emt
00:01:10]} 20. Bc4 {[%clk 01:01:18]} {[%emt 00:02:14]} Qd6 {[%clk 00:54:22]}
{[%emt 00:02:12]} 21. f4 {[%clk 01:01:18]} {[%emt 00:00:31]} Bg7 {[%clk
00:52:02]} {[%emt 00:02:50]} 22. e5 {[%clk 01:01:23]} {[%emt 00:00:26]} Qd7
{[%clk 00:51:08]} {[%emt 00:01:18]} 23. Rae1 {[%clk 00:59:38]} {[%emt
00:02:20]} Bb7 {[%clk 00:48:06]} {[%emt 00:03:33]} 24. e6 {[%clk 00:58:21]}
{[%emt 00:01:46]} fxe6 {[%clk 00:48:14]} {[%emt 00:00:23]} 25. Rxe6 {[%clk
00:58:06]} {[%emt 00:00:45]} Kh8 {[%clk 00:47:16]} {[%emt 00:01:27]} 26. Rfe1
{[%clk 00:58:13]} {[%emt 00:00:23]} Rf8 {[%clk 00:46:09]} {[%emt 00:01:37]} 27.
Re7 {[%clk 00:57:35]} {[%emt 00:01:09]} Qc8 {[%clk 00:40:13]} {[%emt 00:06:26]}
28. d6 {[%clk 00:57:48]} {[%emt 00:00:17]} Ba8 {[%clk 00:38:52]} {[%emt
00:01:50]} 29. d7 {[%clk 00:53:38]} {[%emt 00:04:40]} Qb7 {[%clk 00:38:15]}
{[%emt 00:01:03]} 30. Qh3 {[%clk 00:52:53]} {[%emt 00:01:16]} h5 {[%clk
00:33:41]} {[%emt 00:05:07]} 31. Re8 {[%clk 00:52:45]} {[%emt 00:00:38]} Rxe8
{[%clk 00:25:28]} {[%emt 00:08:44]} 32. dxe8=Q+ {[%clk 00:53:04]} {[%emt
00:00:10]} Bf8 {[%clk 00:25:43]} {[%emt 00:00:15]} 33. Qxf8+ {[%clk 00:53:27]}
{[%emt 00:00:07]} Kh7 {[%clk 00:26:05]} {[%emt 00:00:07]} 34. Re7+ {[%clk
00:53:46]} {[%emt 00:00:10]} Qxe7 {[%clk 00:26:25]} {[%emt 00:00:11]} 35. Qxe7+
{[%clk 00:54:12]} {[%emt 00:00:05]} Kh8 {[%clk 00:26:45]} {[%emt 00:00:10]} 36.
Qc8# {[%emt 00:00:06]} 1-0